A simple disaster (Record no. 75019)

MARC details
000 -LEADER
fixed length control field 01186cab a2200217 4500
001 - CONTROL NUMBER
control field L129250
008 - FIXED-LENGTH DATA ELEMENTS--GENERAL INFORMATION
fixed length control field 050404n2005 000 0 eng u
035 ## - SYSTEM CONTROL NUMBER
System control number (Sirsi) u129250
041 ## - LANGUAGE CODE
Language code of text/sound track or separate title eng
100 ## - MAIN ENTRY--PERSONAL NAME
Personal name Redmond, John
245 #2 - TITLE STATEMENT
Title A simple disaster
260 ## - PUBLICATION, DISTRIBUTION, ETC.
Date of publication, distribution, etc. 2005
490 ## - SERIES STATEMENT
Series statement Building
Volume/sequential designation 270(8372) 11 March 2005, 59(1)
520 ## - SUMMARY, ETC.
Summary, etc. Discusses the case of "Collins (Contractors) Ltd v Baltic Quay Management (1994) Ltd" ([2004] EWCA) Civ 1757, Times 3 January 2005) which demonstrates the problems of assuming a dispute does not exist and bypassing arbitration. Points out that Collins wasted a year in litigation against Baltic Quay Management in an attempt to collect a payment of £28 331, as its claim that there was no dispute was not correct. It was stated that the case should have gone to arbitration or adjudication.
590 ## - LOCAL NOTE (RLIN)
Local note IKA150405
650 ## - SUBJECT ADDED ENTRY--TOPICAL TERM
Topical term or geographic name entry element COLLINS (CONTRACTORS) LTD V BALTIC QUAY MANAGEMENT (1994) LTD
650 ## - SUBJECT ADDED ENTRY--TOPICAL TERM
Topical term or geographic name entry element HOUSING GRANTS, CONSTRUCTION AND REGENERATION ACT 1996 S111
650 ## - SUBJECT ADDED ENTRY--TOPICAL TERM
Topical term or geographic name entry element ARBITRATION ACT 1996 S9
690 ## - LOCAL SUBJECT ADDED ENTRY--TOPICAL TERM (OCLC, RLIN)
Topical term or geographic name as entry element MANAGEMENT-DISPUTE AVOIDANCE, MANAGEMENT AND RESOLUTION-DISPUTE MANAGEMENT AND RESOLUTION-ARBITRATION
942 ## - ADDED ENTRY ELEMENTS (KOHA)
Suppress in OPAC 0
Holdings
Withdrawn status Lost status Source of classification or shelving scheme Damaged status Not for loan Home library Current library Shelving location Date acquired Total Checkouts Full call number Barcode Date last seen Copy number Price effective from Koha item type
    Dewey Decimal Classification     London London Journal article 04/04/2005   L129250 129250-1001 06/08/2019 1 06/08/2019 Journal article